000 00300nam a22001337a 4500
008 181011b xxu||||| |||| 00| 0 eng d
020 _a9780721692678
041 _aeng
080 _a617
100 _a6
101 _aANE
245 _aEssence of Anesthesia practice
_cRoizen, M.F
942 _2udc
_cBK
999 _c49373
_d49373